01949agaaa2200313 45000010005000000030009000050050017000140070009000310080040000400400023000800410013001031000044001161300026001602400038001862450216002242460031004402500022004712600138004933000033006315080160006645110085008245200468009095380016013775460013013936500059014067000056014657000055015217000059015768130IT-RoPAU20220918181239.0d cvaizq50131s9999||||xx ||| | || ||und|| aIT-RoPAUcIT-RoPAU aITALIANO aBunuel LuisgCodice regista SPICS: 8694 aISOLA CHE SCOTTA (L') aFIEVRE MONTE A EL PAO (LA)gT0209 aISOLA CHE SCOTTA (L')cProdotto da: Borderie Raymond -- Sceneggiatura: Alcoriza Luis Bunuel Luis Dorat Charles Sapin Louis -- Diretto da: Bunuel LuispISOLA CHE SCOTTA (L') (Rif. Codice opera principale : H8130) aFIEVRE MONTE A EL PAO (LA) aEdizione Standard aPARIGI - MESSICO (FRA - MESSICO)bGROUPE DES QUATRE - FIMEX / Distribuzione: EDICOLAg"1959 (1° ed.: 2008 ; Ed. Lingua Orig.: 1959)" aDVDbsonoro, col.c90 minuti a"Fotografia: Figueroa Gabriel; Montaggio: Ceballos R. Cuenet J; Musica: Misraki Paul; Sceneggiatura: Alcoriza Luis Bunuel Luis Dorat Charles Sapin Louis; " a"Philippe Gerard; Felix Maria; Servais Jean; Ferriz Miguel; Angel; Junco Victor" a"UN GIOVANE FUNZIONARIO GOVERNATIVO, RAMON VASQUEZ, VUOLE MIGLIORARE LE CONDIZIONI DI VITA DEI CARCERATI DELL'ISOLA DI OJEDA, MA I SUOI SFORZI DI LIBERALIZZARE UN REGIME DITTATORIALE DALL'INTERNO RISULTANO CONTROPRODUCENTI E OTTIENE SOLO DI FAR RICATTARE LA SUA DONNA, COSTRETTA AD ACCETTARE LE ATTENZIONI DEL NUOVO GOVERNATORE; QUANDO CAPIRA' DI ESSERE STATO STRUMENTALIZZATO, PAGHERA' CARA LA SUA PRESA DI COSCIENZA. UNICO FILM A SFONDO POLITICO DILUIS BUNUEL." aPAL, STEREO aITALIANO aDRAMMATICOeDVD-FILM [DVD]xCodice MATERIA SPICS: 9947 aBunuel Luis e(regista)gCodice regista SPICS: 8694 aMisraki Paule(musica)gCodice Musica SPICS: 16067 aSapin Louis e(soggetto)gCodice Soggetto SPICS: 32270